00615nam a22001577a 4500003000400000005001700004008003700021040002500058100003600083245014000119260006900259300002000328942001400348952007800362999001700440OSt20201013143618.0201013b 1983 pr 00| 0 eng d aDO-SdBNPbspacBNPHU1 aHumberto López Morales976866 aAugusto Malaret, diccionaristacdiscurso de incorporacion de Humberto López Morales a la Academia de Artes y Ciencias de Puerto Rico. aSan Juan :bAcademia de Ciencias y Artes de Puerto Rico, c1983. a65 p. ; c32 cm 2ddccLBS1 00102ddc708MOaGRbGRcCTd2020-10-13l0r2020-10-13w2020-10-13yLBS1 c48870d48870